000
00271pam a2200121 a 4500
020
_c
041
_a
eng
100
_a
Waddingten.C.H.
245
_a
The Scientific Attitude
_h
Textual Documents
260
_a
New York
_b
Penguin Books Ltd
300
_a
128p.
930
_a
15312
999
_c
92212
_d
92212